000 00350nam a22001337a 4500
003 OSt
008 140419b xxu||||| |||| 00| 0 eng d
100 1 _aYang, N.C.
041 _aeng
245 1 0 _aPostage stamp catalogue of The People's Republic of China
260 _aKowloon, Hong Kong
_bN.C. Yang's Stamp and Coin
300 _a146 pages
942 _e6th
999 _c526
_d526